000 01208nac a22003497a 4500
001 BR7805469
003 BR-BrBNA
005 20240105114301.0
008 230509b bl.|||m| |||| 00| 0 por d
040 _aBR-BrBNA
_bpor
_cBiblioteca Nacional de Agricultura
072 _aE70
090 _a0430 BR7805469
110 1 _aSecretaria de Agricultura e Abastecimento, Fortaleza, CE (Brasil)
_98635
245 1 _aClassificacao de produtos agropecuarios. Exercicio 1978 - safra 1978/79 [Algodao; Gossypium spp; Carnauba; Cera; Planta oleaginosa; Pachystroma ilicifolium; Couro; Pele; Controle de qualidade; Ceara; Brasil]
260 3 _aFortaleza, CE (Brasil):
_c1978.
300 _a131 p.
490 _aClassificacao dos Produtos Agropecuarios - Secretaria de Agricultura e Abastecimento (Brazil)
_v
_x
500 _aNumerical data
650 _aComercializacao
650 _aAlgodao
650 _aCarnauba
650 _aCera
650 _aPlanta oleaginosa
650 _aCouro
650 _aPele
650 _aExportacao
650 _aControle de qualidade
650 _aIndustria agricola
650 _aCeara
909 _a202312
_bLúcia Elande
_c55
_dLúcia Elande
942 _2AGRIS
_n0
_cMS
999 _c268448
_d268448